00642nam a2200145 4500245003900000710001600039260003400055300001700089500001300106500009000119500009000209500008400299500009800383082001500481 aModern poetscedited by Jim Hunter aHunter, Jim aLondonbFaber and Faberc1968 a4 v.; 18cm. aContents av.1- W. B Yeats, Robert Frost Edward Thomas, Wallace Stevens, William Carlos Williams av.2.- D.H.Lawrence,Ezra Pound, T.S.Eliot, Isaac Rosenberg Wilfred Owen, Robert Graves av.3.- W.H. Auden, Louis Mac Neice,Theodore Roethke, Dylan Thomas, Robert Lowell av.4.- Phillip Larkin Louis Simpson, Charles Tomlinson, Tony Connor, Ted Hughes, Seamus Heaney a821.8bHUN